000 00276nam a2200109Ia 4500
008 190902s9999||||xx |||||||||||||| ||und||
100 _aJohn Clark
245 0 _aInternational Dictionary of Banking and Finance
260 _aIndia
_bPearson
_c1999
300 _a352
942 _cBK
999 _c2789
_d2789